000 00652nam a2200217 i 4500
001 150170
003 ES-MaACL
005 20250928133435.0
007 t|
008 071026s1954 sp ||||1| spa d
080 _a929 Ojeda, Alonso de
100 1 _aVallejo Nágera, María Luisa.
_9112856
245 1 0 _aAlonso de Ojeda /
_cMaría Luisa Vallejo Nágera.
260 _aMadrid :
_bAspiraciones,
_c1954.
300 _a61 p. :
_bil. ;
_c22 cm.
490 1 _aGlorias conquenses
600 1 4 _aOjeda, Alonso de,
_dca. 1470-ca. 1516
_9170973
830 1 _aGlorias conquenses
_9221122
852 4 _aES-MaACL
_j1960-F-11
999 _c150170
_d150170